| 000 | 01322nam a2200349 i 4500 | ||
|---|---|---|---|
| 003 | peliumch | ||
| 005 | 20260113144148.0 | ||
| 007 | ta | ||
| 008 | 260113t us ||||gr|||| 00| 0 spa d | ||
| 020 | _a978-0-14-750936-9 | ||
| 040 |
_aUMCH _bspa _cUMCH _djmr _erda |
||
| 041 | 0 | _aspa | |
| 043 | _as-pe--- | ||
| 082 | _a153.6/C125 | ||
| 100 | 1 |
_aCala, Ismael _eautor. |
|
| 245 |
_aEl poder de escuchar / _cIsmael Cala |
||
| 250 | _aPrimera edición. | ||
| 264 | 1 |
_aEstados Unidos de América : _bC.A. PRESS, Penguin Group, _c2013 |
|
| 264 | 4 | _c©2013 | |
| 300 |
_a220 páginas ; _bil. ; _c23 cm. |
||
| 505 | 0 |
_gCapítulo 1. _tLlámame Ismael-- _gCapítulo 2. _tLa gente y yo-- _gCapítulo 3. _t¿Quién soy?-- _gCapítulo 4. _tCrecer y conectar: Un camino-- _gCapítulo 5. _tDe la duda al milagro-- _gCapítulo 6. _tCala en cuerpo y alma-- _gCapítulo 7. _tHágase el silencio-- _gCapítulo 8. _tCalando sueños-- _gCapítulo 9. _tLarry King y Don Francisco: Hablan mis maestros. |
|
| 521 | _aRecomendado para un público en genral. | ||
| 650 | 1 | 4 | _aÉXITO |
| 650 | 2 | 4 | _aCOMUNICACIÓN |
| 650 | 2 | 4 | _aCOMUNICACIÓN INTERPERSONAL |
| 650 | 2 | 4 | _aNEGOCIOS |
| 942 |
_2ddc _cLIB _n0 |
||
| 999 |
_c53571 _d53571 |
||